| 000 | 00765cam a2200253 a 4500 | ||
|---|---|---|---|
| 999 |
_c528307 _d528307 |
||
| 001 | 14335889 | ||
| 003 | NUST | ||
| 038 | _amsohail | ||
| 040 |
_aDLC _cDLC |
||
| 042 | _alcode | ||
| 043 | _af-tz--- | ||
| 050 | 0 | 0 |
_aHD3861.T34 _bG85 2004 |
| 082 |
_a333.7932 _bTWB |
||
| 100 |
_aThe World Bank _919583 |
||
| 245 | 0 | 0 | _aDOCS private sector participation |
| 260 |
_aUSA _bThe World Bank _c[2008] |
||
| 300 |
_avi, 98 p. : _bill. ; _c25 cm. |
||
| 650 | 0 |
_aContracting out _zTanzania. _920018 |
|
| 650 | 0 |
_aPublic contracts _zTanzania. _920019 |
|
| 710 | 2 |
_aProgramu ya Kuboresha Utumishi wa Umma (Tanzania) _920020 |
|
| 906 |
_a7 _bibc _corigode _d3 _encip _f20 _gy-gencatlg |
||
| 942 |
_2ddc _cBK |
||